| 000 | 00463nam a2200181Ia 4500 | ||
|---|---|---|---|
| 001 | 3905 | ||
| 005 | 20260306145717.0 | ||
| 008 | 260306t2022||||xx |||||||||||||| ||spa|| | ||
| 041 | _aESP | ||
| 082 |
_a305.40985 _bP26 |
||
| 110 | _aMinisterio de Cultura del Perú | ||
| 245 | 0 |
_aTania Pariona : _bactivista indígena, política y feminista |
|
| 260 | _c2022 | ||
| 300 |
_a63 páginas : _c24 cm. |
||
| 650 | _aGEN | ||
| 654 | _aCHU | ||
| 942 |
_cLIB _dJUS _fJUS _2ddc _n |
||
| 999 |
_c3905 _d3905 |
||